How Pharaohs Became Media Stars: Ancient Egypt and Popular Culture

محفوظ في:

المؤلف الرئيسي: Abraham I. Fernández Pichel

التنسيق: كتاب

اللغة: Undetermined

الوصول للمادة أونلاين: Login to view Source

الوسوم: إضافة وسم

لا توجد وسوم, كن أول من يضع وسما على هذه التسجيلة!

رقم الطلب:

LEADER 00495nmm a2200133Ia 4500
008 240716s9999||||xx |||||||||||||||||und||
020 |a 9781803276267 
020 |a 9781803276274 
100 |a Abraham I. Fernández Pichel 
245 1 0 |a How Pharaohs Became Media Stars: Ancient Egypt and Popular Culture  |c Abraham I. Fernández Pichel 
264 |b Archaeopress Archaeology  |c 30-نوفمبر-23 
856 4 0 |u http://library.arce.org:8087/Archaeopress/Products/9781803276267 
942 |2 lcc  |c EBOOK 
999 |c 58981  |d 58981